[Event "Kiryat Shmuel GP"]
[Site "Kiryat Shmuel"]
[Date "1997.11.26"]
[Round "8"]
[White "Tsesarsky, Ilya"]
[Black "Tseitlin, Mark D"]
[Result "0-1"]
[WhiteElo "2445"]
[BlackElo "2530"]
[Annotator "Tsesarsky,I"]
[PlyCount "38"]
[EventDate "1997.11.??"]
[EventType "rapid"]
[EventRounds "9"]
[EventCountry "ISR"]
[SourceTitle "CBM 062"]
[Source "ChessBase"]
[SourceDate "1998.01.31"]
[SourceVersion "1"]
[SourceVersionDate "1998.01.31"]
[SourceQuality "1"]

1. Nf3 Nf6 2. c4 c5 3. Nc3 d5 4. cxd5 Nxd5 5. e4 Nb4 6. Bc4 Be6 7. Bxe6 Nd3+ 8.
Kf1 fxe6 9. Ng5 Qb6 10. Qf3 (10. Qa4+ Nd7 11. Qc4 N7e5 12. Qxe6 Qxe6 13. Nxe6
Rc8 14. f4 $16 {1-0 Chekhov,V-Kharitonov,A/USSR 1980 (40)}) 10... c4 11. b3 h6
(11... Ne5 12. Qh3 Nd3 13. Qf3 (13. Nd1 $16) 13... Ne5 14. Qe3 cxb3 15. axb3
Qxb3 16. d4 Nf7 17. Qd3 Qb6 18. Ke2 Nxg5 19. Bxg5 Nc6 20. Be3 $16 {1-0 Levin
D-Zilberstein/t 1985 (39)}) 12. Nf7 $4 (12. bxc4 $1 Nxc1 (12... Qxf2+ 13. Qxf2
Nxf2 14. Kxf2 hxg5 15. d4 $16) (12... Ne5 13. Qh3 Nbc6 14. Nxe6 $18) 13. Nf7 (
13. Qh5+ Kd7 14. Nf7 (14. Rxc1 $14) 14... Nd3 15. Qf3 Qd4 16. Nxh8 g5 17. Rb1
b6 18. Ne2 Qxc4 19. Qxf8 Nf4 20. d3 Qxd3 21. Re1 Nxe2 22. Rxe2 Nc6 23. Qxa8 (
23. Qf3 $16) 23... Nd4 24. Qb7+ Kd8 25. Qb8+ Kd7 26. Qxa7+ Kc8 27. Qa8+ {
1/2-1/2 Loginov,V-Malaniuk,V/USSR 1984} Kc7 28. Qa7+ Kc8 29. h4 Nxe2 30. g3
Nxg3+ 31. Kg2 Nxh1 32. Qa8+ Kc7 33. hxg5 hxg5 34. Ng6 $18) 13... Rg8 (13... Rh7
14. Ne5 g6 15. Rxc1 $16) 14. Ne5 (14. Rxc1 Nc6) 14... Qb2 15. Qf7+ Kd8 16. Rxc1
(16. Qxg8 Nd7 17. Rb1 Qxd2 18. Rxb7) (16. Rb1 $1 Qxd2 17. Qxg8 $18) 16... Qxc1+
17. Ke2 Qxh1 18. Qxe6 Qxh2 19. Nf7+ Ke8 20. Nb5 Nd7 (20... Qh5+ 21. f3 Qxf7 22.
Qc8#) 21. Nbd6+ Qxd6 22. Nxd6+ Kd8 23. Nxb7+ Kc7 24. Qxg8 Nf6 25. Qe6 Kxb7 26.
e5 {1-0 Tukmakov,V-Peshina,G/SSSR 1980}) 12... Rh7 $19 13. bxc4 Qd4 $1 14. Ke2
Nc5 15. Ba3 (15. Kd1 Nba6 $17) 15... Qxc4+ (15... Ncd7 16. Rhc1 Qf6 (16... g6
17. Nb5 Qb6 18. Qg3 Na6 19. Nfd6+ exd6 20. Qxg6+ Rf7 21. Qxe6+ $13) 17. Rab1 b6
18. Nb5 Na6 19. d4 Kxf7 $19) (15... g6 16. Qe3 Qxc4+ 17. Kd1 Ncd7 18. Rb1 b6
19. Rb4 Qc6 $19) 16. Kd1 Nbd7 (16... Ncd7 17. Qh5 (17. Rb1 g6 (17... b6 18. Rb4
Qc6 19. d4 g5 20. Ne5 Nxe5 21. dxe5 Nd7 $15) 18. Rb4 Qc6 $19) 17... g6 18. Ne5
$1 Nxe5 19. Qxe5 Rf7 $132) 17. Rb1 (17. Bxc5 Qxc5 18. Ne2 g6 19. d4 Qa5 20. Ne5
Nxe5 21. dxe5 Rd8+ $19) 17... g6 18. Nb5 Rc8 19. Rb4 Qxa2 0-1

[Event "RUS-Cup01 Chigorin Memorial"]
[Site "St Petersburg"]
[Date "1997.11.01"]
[Round "1"]
[White "Vunder, Andrei"]
[Black "Tseitlin, Mark D"]
[Result "0-1"]
[WhiteElo "2315"]
[BlackElo "2530"]
[Annotator "Ftacnik,L"]
[PlyCount "88"]
[EventDate "1997.11.01"]
[EventType "swiss"]
[EventRounds "9"]
[EventCountry "RUS"]
[SourceTitle "CBM 062"]
[Source "ChessBase"]
[SourceDate "1998.01.31"]
[SourceVersion "1"]
[SourceVersionDate "1998.01.31"]
[SourceQuality "1"]

1. d4 Nf6 2. Nf3 g6 3. c4 Bg7 4. Nc3 d5 5. e3 O-O 6. Be2 dxc4 7. Bxc4 c5 8. O-O
cxd4 9. exd4 Bg4 10. d5 Nbd7 11. Re1 Rc8 12. Bb3 Nc5 13. h3 Bf5 14. Ne5 (14.
Nd4 Be4 (14... Bd3 15. Be3 Ba6 16. Nc6 Rxc6 17. dxc6 Nd3 18. Re2 bxc6 19. Rd2
e5 20. Qf3 Qe8 21. Ne4 Nxe4 22. Qxe4 Kh8 23. Bc4 Bxc4 24. Qxc4 e4 25. Bd4 {
Kostadinov,A-Guenthner,O/GER-ch 1993/0-1 (78)}) 15. Bg5 (15. Nxe4 Nfxe4 16. Be3
Nxb3 17. Qxb3 Nc5 18. Qc4 Nd7 19. Qb3 Nc5 20. Qc4 Nd7 21. Qb3 Nc5 {1/2-1/2
Cafferty,B-Scholl,E/Hoogovens-B 1972/}) 15... Bxd5 16. Nxd5 Nxd5 17. Nf5 Nxb3
18. Nxe7+ Nxe7 19. Qxb3 Re8 20. Rad1 Qc7 21. Rc1 Nc6 {0-1 Loftsson,J-Brasket,C/
Lone Pine 1976/}) 14... Nfe4 15. Bf4 Qb6 16. Nxe4 (16. Nc4 Qb4 17. Nxe4 Nxe4
$15) 16... Nxe4 (16... Bxe4 $5 17. Nd7 (17. Bg3 Rfd8 $15) 17... Nxd7 18. Rxe4
Bxb2 19. Rb1 Qf6 20. Qg4 Nc5 21. Bg5 h5 $1 $15) 17. Qf3 Nd6 (17... Nf6 18. d6
exd6 19. Nc4 $14) 18. g4 f6 $8 19. Nd3 (19. Nc6 $5 bxc6 20. gxf5 Nxf5 21. d6+
Kh8 22. dxe7 Rfe8 23. Be6 Nd4 24. Qc3 Nxe6 25. Rxe6 $14) 19... Bxd3 (19... Bd7
$2 20. Rxe7 $18) 20. Qxd3 f5 $5 (20... Rf7 21. Be3 $14) 21. Rxe7 fxg4 22. Be3 (
22. Qg3 Nf5 23. Rxg7+ Nxg7 24. d6+ Kh8 25. hxg4 $13) 22... Qd8 23. Rxg7+ (23.
Bg5 Qb6 24. Be3 Qd8) (23. Re6 gxh3 $17) 23... Kxg7 24. hxg4 Kg8 (24... Qh4 25.
Qd4+ Kg8 26. Kg2 $13) 25. Kg2 Qf6 26. Bd4 (26. Bxa7 $2 Qxb2 27. Bd4 Rxf2+ 28.
Bxf2 Qxa1 $19) 26... Qf4 27. f3 Rfe8 $6 (27... a6 $1 28. Re1 Rfe8 $13) 28. Bxa7
$1 Re7 29. Bf2 Rce8 30. Qd4 (30. Bg3 $2 Re2+ 31. Kh3 Qh6+ 32. Bh4 g5 $19) 30...
Qg5 31. Rh1 (31. Qb4 Qf6 32. Qc3 Qf4 $13) 31... Re2 32. Bd1 Rd2 33. f4 $2 {
White have probably panicked and misjudged the Qb4 line, endgame will be very
difficult. Weiss ist wahrscheinlich in Panik geraten, weil er die Folgen von
Qb4 falsch berechnet hat.} (33. Qb4 Qe3 34. Rf1 Ne4 35. fxe4 Rf8 36. Qxf8+ Kxf8
37. Kg1 Qd3 38. Be3+ Kg7 (38... Qxf1+ 39. Kxf1 Rxd1+ 40. Ke2 Rb1 41. Bd4 $14)
39. Bxd2 Qg3+ 40. Kh1 Qh3+ $11) 33... Rxd4 34. fxg5 Rd2 35. Bf3 (35. Rf1 Ne4
$17) 35... Rxb2 36. a3 Rc8 $1 (36... Nf7 37. Rd1 Nxg5 38. d6 Nxf3 39. d7 Rd8
40. Kxf3 h6 $17) 37. Kg3 Rb3 38. Bd4 (38. Kg2 Rxa3 $19) 38... Rf8 39. Rf1 (39.
Bf6 Ne4+ 40. Kg2 Nxf6 41. gxf6 Rxf6 $19) 39... Ne4+ 40. Kg2 Nd2 41. d6 (41. Bd1
Rxf1 42. Bxb3 Nxb3 43. Kxf1 Nxd4 $19) 41... Rbxf3 42. Rxf3 Nxf3 43. Bf6 (43.
Bb6 Ne5 $19) 43... Rxf6 44. gxf6 Ne5 (44... Ne5 45. g5 Kf7 46. Kg3 Ke6 47. Kf4
Kxd6 $19) 0-1

[Event "RUS-Cup01 Chigorin Memorial"]
[Site "St Petersburg"]
[Date "1997.11.06"]
[Round "6"]
[White "Tseitlin, Mark D"]
[Black "Guliev, Logman"]
[Result "1-0"]
[WhiteElo "2530"]
[BlackElo "2420"]
[PlyCount "85"]
[EventDate "1997.11.01"]
[EventType "swiss"]
[EventRounds "9"]
[EventCountry "RUS"]
[SourceTitle "CBM 061 Extra"]
[Source "ChessBase"]
[SourceDate "1998.03.09"]
[SourceVersion "1"]
[SourceVersionDate "1998.03.09"]
[SourceQuality "1"]

1. e4 c5 2. Nf3 d6 3. d4 cxd4 4. Nxd4 Nf6 5. Nc3 a6 6. Be2 e5 7. Nb3 Be7 8. Be3
Be6 9. Nd5 Nxd5 10. exd5 Bf5 11. O-O O-O 12. Qd2 Nd7 13. Na5 Qc7 14. c4 Bg6 15.
b4 f5 16. f4 Bf6 17. Rac1 b6 18. Nc6 Rae8 19. Kh1 Kh8 20. a4 exf4 21. Bxf4 Be5
22. Nxe5 Nxe5 23. c5 bxc5 24. bxc5 dxc5 25. Bxa6 Qa7 26. Bb5 Nd7 27. d6 Re4 28.
Qd5 Rc8 29. Bg5 h6 30. Be7 c4 31. Bxc4 Qe3 32. h3 f4 33. Ba2 Qxc1 34. Rxc1
Rxc1+ 35. Kh2 Rc8 36. Qb7 Re8 37. Qxd7 f3 38. gxf3 Re2+ 39. Kg3 Rxa2 40. Qe6
Rxa4 41. Qxg6 Rea8 42. d7 Ra1 43. Qe8+ 1-0

[Event "RUS-Cup01 Chigorin Memorial"]
[Site "St Petersburg"]
[Date "1997.11.09"]
[Round "9"]
[White "Karasev, Vladimir I"]
[Black "Tseitlin, Mark D"]
[Result "0-1"]
[WhiteElo "2350"]
[BlackElo "2530"]
[PlyCount "114"]
[EventDate "1997.11.01"]
[EventType "swiss"]
[EventRounds "9"]
[EventCountry "RUS"]
[SourceTitle "CBM 061 Extra"]
[Source "ChessBase"]
[SourceDate "1998.03.09"]
[SourceVersion "1"]
[SourceVersionDate "1998.03.09"]
[SourceQuality "1"]

1. Nf3 Nf6 2. g3 d5 3. Bg2 c6 4. O-O Bg4 5. h3 Bh5 6. d3 Nbd7 7. Qe1 e5 8. Nh4
Bc5 9. e4 O-O 10. Nc3 dxe4 11. dxe4 Re8 12. Na4 Bf8 13. Be3 b5 14. Nc3 Nc5 15.
f3 Ne6 16. Rd1 Qc7 17. Ne2 b4 18. c3 a5 19. Qf2 c5 20. f4 c4 21. f5 Bxe2 22.
Qxe2 Nd8 23. Kh2 Nb7 24. g4 h6 25. g5 hxg5 26. Bxg5 Be7 27. Rg1 Red8 28. Rxd8+
Rxd8 29. Bf3 Nd6 30. Kh1 Nde8 31. Qg2 bxc3 32. bxc3 Rd3 33. Bh6 Bf8 34. Bd2 Qb6
35. Be1 Qe3 36. Be2 Nxe4 37. Bxd3 cxd3 38. Qf3 Bc5 39. Qxe3 Bxe3 40. Nf3 Bxg1
41. Kxg1 N8d6 42. Nxe5 d2 43. Bxd2 Nxd2 44. f6 gxf6 45. Nc6 a4 46. Ne7+ Kg7 47.
Nd5 N6e4 48. Kg2 Kg6 49. h4 Kf5 50. Kh3 Ke5 51. Nb4 Kf4 52. Nd5+ Ke5 53. Nb4
Nxc3 54. Kg4 f5+ 55. Kh3 f4 56. Kg4 f3 57. h5 Kf6 0-1

[Event "Groningen op"]
[Site "Groningen"]
[Date "1997.??.??"]
[Round "4"]
[White "Hendriks, Willy"]
[Black "Tseitlin, Mark D"]
[Result "0-1"]
[WhiteElo "2360"]
[BlackElo "2530"]
[PlyCount "54"]
[EventDate "1997.12.20"]
[EventType "swiss"]
[EventRounds "11"]
[EventCountry "NED"]
[SourceTitle "CBM 062 Extra"]
[Source "ChessBase"]
[SourceDate "1998.03.09"]
[SourceVersion "1"]
[SourceVersionDate "1998.03.09"]
[SourceQuality "1"]

1. e4 d6 2. d4 Nf6 3. Nc3 g6 4. Bg5 Bg7 5. Qd2 h6 6. Bh4 Nbd7 7. O-O-O g5 8.
Bg3 Nh5 9. Kb1 c5 10. dxc5 Nxg3 11. hxg3 Nxc5 12. f4 Be6 13. Nf3 Qa5 14. Bb5+
Kf8 15. Nd4 Nxe4 16. Nxe6+ fxe6 17. Nxe4 Qxb5 18. b3 Qf5 19. Rde1 g4 20. Re3
Rc8 21. Rhe1 Kf7 22. Nf2 Qf6 23. c3 Qf5+ 24. Qc2 Qxc2+ 25. Kxc2 Bd4 26. Nxg4
Bxe3 27. Nxe3 h5 0-1

[Event "Groningen op"]
[Site "Groningen"]
[Date "1997.??.??"]
[Round "5"]
[White "Tseitlin, Mark D"]
[Black "Giffard, Nicolas"]
[Result "1-0"]
[WhiteElo "2530"]
[BlackElo "2390"]
[PlyCount "112"]
[EventDate "1997.12.20"]
[EventType "swiss"]
[EventRounds "11"]
[EventCountry "NED"]
[SourceTitle "CBM 062 Extra"]
[Source "ChessBase"]
[SourceDate "1998.03.09"]
[SourceVersion "1"]
[SourceVersionDate "1998.03.09"]
[SourceQuality "1"]

1. e4 c5 2. Nf3 a6 3. c3 d5 4. exd5 Qxd5 5. d4 Bg4 6. Be2 e6 7. O-O Nf6 8. h3
Bh5 9. c4 Qd8 10. Qb3 Nc6 11. d5 exd5 12. g4 Bg6 13. g5 dxc4 14. Qe3+ Ne4 15.
Nc3 Qe7 16. Nd5 Qd6 17. Rd1 Nd4 18. Nxd4 Qxd5 19. Nb5 Qe5 20. Rd5 Qe7 21. Qf4
axb5 22. Re5 f6 23. Rxe7+ Bxe7 24. Qc7 Nd6 25. gxf6 gxf6 26. Bf4 Rc8 27. Qa5
Rg8 28. Bxd6 Bxd6 29. Qxb5+ Kf8 30. Kf1 Bf5 31. Bxc4 Bxh3+ 32. Ke2 Rg7 33. Rh1
Bg2 34. Rh4 Bc6 35. Qb3 Re8+ 36. Kd3 Re5 37. a4 Rf5 38. Ke2 Bf3+ 39. Kd2 Bc6
40. Qe3 Rf3 41. Qe6 Rxf2+ 42. Ke1 Bg3 43. Qc8+ Be8 44. Rg4 Rxg4 45. Qxg4 Rf4+
46. Qxg3 Rxc4 47. a5 Rb4 48. Qb8 h5 49. Qd8 Kf7 50. b3 h4 51. Kf2 Rb5 52. Kg1
Rb4 53. Kh2 Rb5 54. Qd6 Kg7 55. Qe6 Bf7 56. Qg4+ Bg6 1-0

[Event "Beersheba-St Petersburg"]
[Site "Beersheba"]
[Date "1998.03.03"]
[Round "1"]
[White "Yemelin, Vasily"]
[Black "Tseitlin, Mark D"]
[Result "0-1"]
[WhiteElo "2485"]
[BlackElo "2515"]
[PlyCount "115"]
[EventDate "1998.03.03"]
[EventType "schev"]
[EventRounds "12"]
[EventCountry "ISR"]
[SourceTitle "CBM 064"]
[Source "ChessBase"]
[SourceDate "1998.06.02"]
[SourceVersion "1"]
[SourceVersionDate "1998.06.02"]
[SourceQuality "1"]
[WhiteTeam "St Petersburg"]
[BlackTeam "Beer Sheva"]
[WhiteTeamCountry "RUS"]
[BlackTeamCountry "ISR"]

1. e4 d6 2. d4 Nf6 3. Nc3 g6 4. Nf3 Bg7 5. Be2 O-O 6. O-O a6 7. Bg5 b5 8. e5 b4
9. exf6 exf6 10. Bd2 bxc3 11. Bxc3 f5 12. Re1 Nd7 13. Nd2 Nf6 14. Bf3 Rb8 15.
Nb3 d5 16. Ba5 Ne4 17. Be2 Bh6 18. Bf1 Bf4 19. Re2 Bd6 20. f3 Ng5 21. Be1 Ne6
22. Bf2 Bd7 23. Re1 Bb5 24. Bxb5 axb5 25. Qd2 Ra8 26. Nc1 c6 27. Bg3 Bxg3 28.
hxg3 Qd6 29. Ne2 Ra4 30. a3 c5 31. dxc5 Qxc5+ 32. Kh2 Qd6 33. Kg1 h5 34. Rad1
h4 35. Qxd5 Qb6+ 36. Kf1 Qc7 37. Qxb5 Ra5 38. Qd7 Qxc2 39. Rd2 Qb3 40. gxh4 Rd8
41. Qxd8+ Nxd8 42. Rxd8+ Kg7 43. Rd2 Re5 44. Nd4 Qc4+ 45. Kf2 Rd5 46. Red1 f4
47. Ne2 Re5 48. Rd3 Kh6 49. R1d2 Rf5 50. Rd4 Qc7 51. Re4 Qb6+ 52. Kf1 Qf6 53.
Rdd4 Qxh4 54. Rxf4 Qh1+ 55. Kf2 Rxf4 56. Rxf4 f5 57. Rb4 Qb1 58. Nc3 0-1

[Event "ISR-chT"]
[Site "Israel"]
[Date "1999.04.23"]
[Round "9"]
[White "Tseitlin, Mark D"]
[Black "Tyomkin, Dimitri"]
[Result "1-0"]
[WhiteElo "2490"]
[BlackElo "2504"]
[Annotator "Tyomkin,D"]
[PlyCount "124"]
[EventDate "1999.01.??"]
[EventType "team"]
[EventRounds "11"]
[EventCountry "ISR"]
[SourceTitle "CBM 072"]
[Source "ChessBase"]
[SourceDate "1999.10.01"]
[SourceVersion "1"]
[SourceVersionDate "1999.10.01"]
[SourceQuality "1"]

1. e4 c5 2. Nf3 d6 3. d4 cxd4 4. Nxd4 Nf6 5. Nc3 Nc6 6. Bg5 e6 7. Qd2 a6 8.
O-O-O h6 9. Nxc6 {I knew that this modern line in this variation of Rauzer is
known as very dangerous for black,but I analysed this position few days,and
had positive score against GM's with black after 9.Nxc6.But Mark Tseitlin
surprised me.} bxc6 10. Bf4 d5 11. Qe3 Qa5 12. Be2 $1 dxe4 13. Qg3 $1 $146 {
[%mdl 12]} (13. Nxe4 Nd5 14. Rxd5 cxd5 15. Nd6+ Bxd6 16. Bxd6 Qd8 17. Ba3 Qc7
18. Rd1 $44 {Gershon,A-Lerner,K Graz 1998}) (13. Bc4 $146 {Gofshtein,L} Qf5 $1
{Good decision.Protecting pawn e4 black intends Nd5.} 14. g4 $5 (14. Bd6 $5) (
14. Bg3 $5) (14. f3 $1 $36) 14... Nxg4 15. Qb6 (15. Qxe4 $5 Qxe4 16. Nxe4 $44)
15... Qxf4+ 16. Kb1 Bd7 $8 17. Rxd7 Kxd7 18. Rd1+ Ke7 $8 19. Qxc6 Rd8 $8 20.
Qb7+ Ke8 21. Qc6+ Ke7 22. Qb7+ Ke8 {1/2-1/2 Nataf,I-Gershon,A/Bermuda 1999/CBM
69/[Gofshtein,L] (22)}) 13... Nd5 (13... Qf5 $5 14. Rhe1 Nd5 15. Nxd5 $1) (
13... Ra7 14. Be5) (13... Bb7 14. Be5) 14. Nxd5 $3 {This move I had missed in
home analyse.White tries to use an advantage in development changing the main
defender of blacks position. It wasn't a home preparation, just a great
improvisation.} (14. Be5 Nxc3 15. Bxc3 Qg5+ $1 {with the safe ending for black.
}) 14... cxd5 {Thinking more than 30 minutes on my last move,I was delighted
with improvisation of Mark!} (14... exd5 15. Kb1 Be6 16. f3 exf3 17. Bxf3 $18 {
[%cal Gh1e1]}) 15. Kb1 g6 {[%cal Gf8g7] Other way black has a problem with
development of kingside pieces.} (15... Bd7 16. f3 (16. Be5) 16... exf3 17.
Bxf3) (15... Bb7 16. Be5) 16. Be5 Rg8 17. f3 e3 {This move gives back a pawn,
which means that white won an opening fight,but on other hand to open a center
(after 17...exf3) was looking horrible.} (17... exf3 18. Bxf3 $16 {[%cal Gc2c4]
and white breaks blacks pawn structure by c2-c4.}) 18. f4 Bc5 19. Bd4 Rb8 20.
Qxe3 Bxd4 21. Rxd4 $16 {[%csl Re8] Black king can not be safe in this
middlegame.} Ke7 22. Rhd1 {[%cal Rd4d5]} Rd8 23. g4 Rd6 24. b3 Bb7 25. Bf3 Qc5
26. Qf2 Rc8 27. R1d2 Kf8 28. h4 a5 29. Qe1 Ra6 30. f5 a4 31. fxg6 axb3 32. cxb3
fxg6 33. Rc4 $1 {[%mdl 64]} dxc4 34. Bxb7 Rac6 $4 $138 {I hadn't enough time
to initialize that I lose on force after this move,but I wasn't punished by my
opponent for this blunder...} (34... cxb3 35. Qf2+ $1 $18) (34... c3 $142 35.
Bxc8 Qxc8 36. Rf2+ Kg8 37. Qe4 $16) 35. Bxc8 Rxc8 36. Rc2 $4 (36. Rd7 {[%cal
Re1f1] and black can not protect the king from whites mating threats.}) 36...
c3 37. Qf2+ Ke7 38. Qxc5+ Rxc5 39. Rg2 e5 $4 $138 {[%mdl 4096] I had just
seconds for my move,and as a first mission for black I've seen improving of my
king,and probably it was decisive mistake in this ending.} (39... g5 $1 40.
hxg5 (40. h5 Re5 41. Kc2 Re3 42. a4 Kd6 {and black successfully defends.})
40... Rxg5 {[%cal Rh6h5]} 41. Rh2 Rxg4 42. Kc2 $1 {[%cal Ga2a4]} (42. Rxh6 Rg1+
43. Kc2 Rg2+ $11) 42... h5 $1 $11 {[%cal Gh5h4]}) 40. Kc2 Ke6 41. Rg3 e4 42.
Rxc3 Ra5 43. a4 Ke5 $2 ({The best chance was:} 43... Kd5 44. Rc8 (44. Kd2 Ra8 {
[%cal Ga8f8]}) 44... Ra6 {[%cal Gd5d4,Ga6f6]} (44... Kd4 45. Rc6 Ke3 46. Rxg6
Rc5+ 47. Kb2 Ke2 48. Rxh6 e3 49. Re6 Kd2 50. h5 e2 51. h6 $18) 45. Kc3 (45. Kd2
Rf6 46. Ke2 Rf3 $132) 45... Re6 46. Rd8+ (46. Kd2 Rb6) 46... Ke5 47. a5 Kf4 48.
Kd2 $18) 44. Rc6 Kf4 45. Rxg6 Rc5+ 46. Kd1 Rc3 47. b4 Ra3 48. a5 Ra4 49. Rb6 e3
50. Ke2 Ra2+ 51. Kd3 Ra3+ 52. Kd4 Kxg4 {Again I don't use the best defensive
chance.} (52... Rb3 53. Rf6+ Kxg4 54. Kc4 e2 55. Re6 Rb2 56. Kc3 Ra2 57. Kb3
Rd2 58. a6 Kf3 59. a7 Rd8 60. b5 $18) 53. Rxh6 Rb3 54. Kc4 Ra3 55. Re6 Kf3 56.
a6 e2 57. Rxe2 Kxe2 58. b5 Ra4+ 59. Kc5 Rxh4 (59... Kd3 60. h5 Rh4 61. a7 Rxh5+
62. Kb4 Rh4+ 63. Kb3 $18) 60. a7 Ra4 61. b6 Kf3 62. Kc6 Ke4 1-0

[Event "EU-Cup 14th final"]
[Site "Belgrade"]
[Date "1999.01.13"]
[Round "3"]
[White "Tseitlin, Mark D"]
[Black "Dizdarevic, Emir"]
[Result "1-0"]
[WhiteElo "2490"]
[BlackElo "2528"]
[Annotator "Mueller,Karsten"]
[PlyCount "73"]
[EventDate "1999.01.11"]
[EventType "team-k.o."]
[EventRounds "3"]
[EventCountry "YUG"]
[SourceTitle "EXT 2020"]
[Source "ChessBase"]
[SourceDate "2019.10.17"]
[SourceVersion "1"]
[SourceVersionDate "2019.10.17"]
[SourceQuality "1"]
[WhiteTeam "Beer-Sheva Chess Club"]
[BlackTeam "Sarajevo Bosna"]
[WhiteTeamCountry "ISR"]
[BlackTeamCountry "BIH"]

1. e4 c6 2. d4 d5 3. exd5 cxd5 4. c4 Nf6 5. Nc3 Nc6 6. Bg5 Qa5 7. Nf3 Be6 8. c5
Ne4 9. Bd2 Nxd2 10. Qxd2 g6 11. Bb5 Bg7 12. O-O O-O $5 (12... Qc7 13. Rfe1 O-O
14. Re2 {+= 1-0 Klundt,K-Garcia Palermo,C/BL8788 1988/BL 80 (51)}) 13. Bxc6
bxc6 14. Rfe1 $5 (14. Nxd5 Qxd2 ({nach} 14... Qd8 15. Ne3 {ist nicht ganz klar,
ob Schwarz gen�gend Kompensation f�r den geopferten Bauern hat.}) 15. Nxe7+
Kh8 16. Nxd2 Bxd4 {~=}) 14... Rfe8 15. a3 Qc7 16. b4 Bd7 17. b5 Rab8 18. a4
cxb5 19. Nxd5 Qd8 20. Qf4 e6 $1 (20... bxa4 $2 21. Nxe7+ Kf8 22. Ng5 Rxe7 23.
Rxe7 Qxe7 (23... Kxe7 $2 24. Qxf7#) 24. Qxb8+ {+-}) 21. Nc7 Re7 (21... e5 $2
22. Nxe5 Rxe5 23. Rxe5 {+-}) 22. Nxb5 ({anstatt mit} 22. Nd5 Re8 23. Nc7 {
= remis durch Zugwiederholung zu machen, spielt Tseitlin die zweischneidige
Stellung weiter auf Gewinn.}) 22... Bxb5 23. axb5 Rxb5 24. h4 a5 25. h5 gxh5
26. Rab1 Rb4 27. Rxb4 axb4 28. Rb1 Rb7 29. c6 {die Partie n�hert sich nun
der entscheidenden Phase. Schwarz mu� sehr genau spielen, um den wei�en
Angriff abzuwehren.} Qc7 $1 30. Qe4 $6 (30. cxb7 $5 Qxf4 31. Ne5 Bxe5 32. dxe5
Qxe5 33. Rc1 Kg7 34. Rc8 Qe1+ 35. Kh2 Qxf2 36. b8=Q Qh4+ 37. Kg1 Qe1+ {=})
30... Rb8 $6 (30... Rb6 $5 31. d5 (31. Ng5 $2 Rxc6 32. Qxh7+ Kf8 {-+}) 31...
exd5 32. Qe8+ Bf8 33. Nd4 Rb8 34. Qe3 {~=}) 31. Rb3 Rc8 32. Ng5 Qxc6 33. Qxh7+
Kf8 34. Rg3 Qc1+ $6 (34... Rc7 $142) 35. Kh2 Qf4 $2 (35... Rc7 36. d5 $1 Qa1 (
36... exd5 $2 37. Qf5 Kg8 38. Qxd5 h4 39. Rg4 {+-}) (36... Be5 37. Nxe6+ Ke7 (
37... fxe6 $2 38. Qg8+ Ke7 39. Qxe6+ {+-}) 38. Nxc7 Qc4 $1 {=}) 37. dxe6 Rc1
38. Re3 Be5+ 39. g3 Rh1+ 40. Kg2 Rg1+ 41. Kh2 {=}) 36. Qxg7+ Kxg7 37. Nxe6+ 1-0

[Event "Tel Aviv super 1st"]
[Site "Tel Aviv"]
[Date "1999.05.17"]
[Round "7"]
[White "Avrukh, Boris"]
[Black "Tseitlin, Mark D"]
[Result "0-1"]
[WhiteElo "2609"]
[BlackElo "2490"]
[Annotator "Krasenkow,M"]
[PlyCount "115"]
[EventDate "1999.05.11"]
[EventType "tourn"]
[EventRounds "9"]
[EventCountry "ISR"]
[EventCategory "14"]
[SourceTitle "CBM 071"]
[Source "ChessBase"]
[SourceDate "1999.08.01"]
[SourceVersion "1"]
[SourceVersionDate "1999.08.01"]
[SourceQuality "1"]

1. d4 Nf6 2. c4 g6 3. Nc3 d5 4. cxd5 Nxd5 5. e4 Nxc3 6. bxc3 Bg7 7. Bb5+ c6 8.
Ba4 O-O 9. Ne2 c5 10. O-O Nc6 11. Be3 Na5 12. Rb1 Nc4 {This is the case when a
threat is stronger than its execution.} (12... b6 $142 {-CBM70}) 13. Bg5 Qc7 (
13... h6 $6 14. Bh4 b6 $2 15. Bc6 Rb8 16. Bd5 $1 Ba6 17. Qd3 b5 18. a4 cxd4 19.
Nxd4 Bxd4 20. cxd4 $6 (20. Qxd4) 20... Nd6 21. Rfc1 $16 {1/2-1/2 Topalov,
V-Svidler,P/Linares 1998 (41)}) 14. Qc1 (14. Bb3 Na3 15. Rc1 c4 16. Bc2 b5 17.
Qd2 Nxc2 18. Rxc2 Bb7 $13 {Lauber,A-Naumann,A/Bundesliga 98/99 1998/0-1 (46)})
(14. Qd3 Na3 15. Rb2 Qa5 16. Bd1 cxd4 17. Bxe7 Re8 18. Bb4 Qb5 19. Bc2 $13 {
1-0 Dyachkov,S-Yandemirov,V/Orel 1995 (47)}) 14... b6 $1 $146 (14... Rd8 15.
Rd1 b6 16. Bb5 Na5 17. Qe3 Bd7 $2 18. Bxe7 Re8 19. Bxd7 Qxd7 20. Bg5 $16 {
1-0 Leskiewicz,M-Kosmac,B/WchJM U20 1998 (30)}) 15. Bb5 Nd6 {The right plan in
the present situation: the knight is well-placed on d6; then Black pushes ...
e7-e5.} 16. Bd3 f6 17. Bh4 (17. Be3 c4 (17... Bb7 $5) (17... e5 18. dxc5 bxc5
19. Qa3 c4 $13) 18. Bc2 e5 $13) 17... e5 18. dxe5 {Starting a wrong plan.} (18.
Bg3 $142 {/\f4} Bb7 19. Qe3) 18... fxe5 19. c4 Be6 20. Nc3 Qf7 (20... Bxc4 $2
21. Bxc4+ Nxc4 22. Nd5) (20... Nxc4 $2 21. Nb5 Qf7 22. Bxc4 Bxc4 23. Nd6) 21.
Nd5 Bxd5 22. cxd5 {In this position Black easily prevents f2-f4 and, with a
strong knight against a bad bishop, maintains much better prospects.} Bf6 23.
Bg3 Qe7 24. Qc3 (24. f4 exf4 25. Bxf4 Bd4+ 26. Kh1 Nxe4) 24... Rae8 25. h3 Bg5
$1 26. Bh2 h5 27. a4 c4 28. Bc2 Bf4 29. g3 Bh6 30. Rbe1 (30. h4 $142 g5 $1)
30... h4 $1 31. gxh4 {Sooner or later it will be forced anyway. White decides
to take and keep this pawn for eventual counterplay but that turns out to be
insufficient.} Bf4 (31... Qxh4 32. Bxe5) 32. Bg3 Qh7 33. Bd1 g5 34. Qa3 Rd8 35.
h5 Qc7 36. Qc3 Qe7 37. Bg4 Qf6 38. Kg2 Kh7 39. Qb4 Rf7 40. Be6 Rc7 41. Qc3 Kh6
42. Rh1 Rf8 (42... Kxh5 43. h4) 43. Re2 b5 44. Bg4 (44. h4 Rg7) 44... Bxg3 {
It is risky to open up the f-file but still the black pawns come before
White's counterplay.} 45. fxg3 bxa4 46. Rb1 Rb7 47. Rxb7 Nxb7 48. Bf5 Nd6 49.
g4 Rb8 50. Rf2 Rb3 51. Qc1 a3 52. h4 (52. Be6 Rg3+ $1 53. Kf1 Rf3) (52. Bg6 Qe7
53. h4 c3 54. Rf8 Rb2+ 55. Kh1 Kg7) 52... c3 53. Rf3 (53. Bg6 Rb2) (53. Be6 Rb2
54. Qxb2 axb2 55. Rxf6+ Kh7 56. hxg5 b1=Q 57. Rh6+ Kg7 58. Rg6+ Kf8 59. Rg8+
Ke7 60. Rg7+ Kd8 $19) 53... Rb2+ 54. Kg3 a2 55. Bg6 (55. Bh7 Qd8) 55... Rb1 56.
Qxc3 (56. Rxf6 Rxc1 $19) 56... a1=Q 57. Qe3 Qf4+ 58. Rxf4 0-1